000 00372nam a2200145Ia 4500
008 221012s9999||||xx |||||||||||||| ||und||
020 _a9789391596088
082 _a338.04
_bMat/E
100 _aMathur, Abha
245 0 _aEntrepreneurship Development
250 _a1st Ed.
260 _aNew Delhi
_bTaxmann Publication Pvt. Ltd.
_c2021
300 _a375p.
942 _cMB
999 _c38331
_d38331